000
00243nam a2200097Ia 4500
082
_a
ETF TAYL
245
0
_a
Schindler's list
100
_a
TAYLOR, Nancy Harlow, 2003
_9
92435
942
_c
BK
008
210817s9999 xx 000 0 und d
999
_c
376547
_d
376546